Fr. Conceicao Rodrigues College of Engineering

Finite element method application in engineering using ANSYS (Record no. 25187)

MARC details
000 -LEADER
fixed length control field 00359nam a2200157Ia 4500
082 ## - DEWEY DECIMAL CLASSIFICATION NUMBER
Classification number 620.001515
Item number MAD
100 ## - MAIN ENTRY--PERSONAL NAME
Personal name Madenci/Erdogan
245 ## - TITLE STATEMENT
Title Finite element method application in engineering using ANSYS
260 ## - PUBLICATION, DISTRIBUTION, ETC.
Name of publisher, distributor, etc. Springer
Date of publication, distribution, etc. 2006
366 ## - TRADE AVAILABILITY INFORMATION
Publishers's discount category 20
300 ## - PHYSICAL DESCRIPTION
Extent 686
546 ## - LANGUAGE NOTE
Language note ENGLISH
-- Info.Tech
650 ## - SUBJECT ADDED ENTRY--TOPICAL TERM
Topical term or geographic name entry element FEM
942 ## - ADDED ENTRY ELEMENTS (KOHA)
Koha item type BOOK
Holdings
Withdrawn status Lost status Damaged status Not for loan Collection Home library Current library Date acquired Source of acquisition Cost, normal purchase price Inventory number Total Checkouts Full call number Barcode Date last seen Cost, replacement price Price effective from Koha item type
        CRC Fr. Agnel's C.Rodrigues College of Engineering Fr. Agnel's C.Rodrigues College of Engineering 17/03/2023 Book Service Syndicate 796.00 519 dt 28/03/2012   620.001515 MAD 21898 17/03/2023 995.00   BOOK